| 000 | 00934nam a2200241 i 4500 | ||
|---|---|---|---|
| 001 | 179416 | ||
| 003 | ES-MaACL | ||
| 005 | 20230919180842.0 | ||
| 008 | 111122s2011 sp ad f |||| | spa d | ||
| 020 | _a978-84-267-1768-9 | ||
| 080 | _a004.738.52 Drupal | ||
| 100 | 1 |
_aGil García, Gregorio. _9138102 |
|
| 245 | 1 | 3 |
_aEl gran libro de Drupal 7 : _b[gestión de contenidos estáticos, dinámicos e interactivos] / _cGregorio Gil García. |
| 260 |
_aBarcelona : _bMarcombo, _c[2011] |
||
| 300 |
_a220 p. : _bil, gráf. ; _c24 cm. |
||
| 630 | 0 | 4 |
_aDrupal (Archivo de ordenador) _9148582 |
| 650 | 4 |
_aPáginas Web- _xDiseño. _9148583 |
|
| 650 | 4 |
_aGestión de la información. _9158422 |
|
| 852 |
_aES-MaACL _jA-11689 _9186307 _bR.148300 _cDEPO1 _dOlim: N-4694 _xDonación: Gregorio Gil García _zDedicatoria autógrafa del autor |
||
| 903 |
_9138102 _aGil García, Gregorio _ednr |
||
| 942 |
_2udc _cMONOGRAFIA |
||
| 999 |
_c179416 _d179416 |
||